Информационная модель слоистых поглощающих сред; Молодежь и современные информационные технологии; Т. 1

Detalles Bibliográficos
Parent link:Молодежь и современные информационные технологии: сборник трудов XII Всероссийской научно-практической конференции студентов, аспирантов и молодых ученых, г. Томск, 12-14 ноября 2014 г./ Национальный исследовательский Томский политехнический университет (ТПУ), Институт кибернетики (ИК) ; ред. кол. Е. А. Сикора [и др.].— , 2014
Т. 1.— 2014.— [С. 146-147]
Autor Principal: Нгуен Суан Хунг
Autor Corporativo: Национальный исследовательский Томский политехнический университет (ТПУ) Институт кибернетики (ИК) Кафедра прикладной математики (ПМ)
Outros autores: Сидоренко С. Н. (научный руководитель), Кочегуров А. И. Александр Иванович
Summary:Заглавие с титульного экрана
Idioma:ruso
Publicado: 2014
Series:Математическое моделирование и компьютерный анализ данных
Subjects:
Acceso en liña:http://earchive.tpu.ru/handle/11683/20373
http://www.lib.tpu.ru/fulltext/c/2014/C04/V1/065.pdf
Formato: MixedMaterials Electrónico Capítulo de libro
KOHA link:https://koha.lib.tpu.ru/cgi-bin/koha/opac-detail.pl?biblionumber=610590

MARC

LEADER 00000naa2a2200000 4500
001 610590
005 20260407161749.0
035 |a (RuTPU)RU\TPU\conf\8205 
035 |a RU\TPU\conf\8197 
090 |a 610590 
100 |a 20150129d2014 k y0rusy50 ca 
101 0 |a rus 
102 |a RU 
135 |a drcn ---uucaa 
181 0 |a i  
182 0 |a b 
200 1 |a Информационная модель слоистых поглощающих сред  |f Нгуен Суан Хунг, С. Н. Сидоренко  |g науч. рук. А. И. Кочегуров 
203 |a Текст  |c электронный 
225 1 |a Математическое моделирование и компьютерный анализ данных 
300 |a Заглавие с титульного экрана 
320 |a [Библиогр.: с. 147 (4 назв.)] 
337 |a Adobe Reader 
461 1 |0 (RuTPU)RU\TPU\conf\7802  |t Молодежь и современные информационные технологии  |o сборник трудов XII Всероссийской научно-практической конференции студентов, аспирантов и молодых ученых, г. Томск, 12-14 ноября 2014 г.  |o в 2 т.  |f Национальный исследовательский Томский политехнический университет (ТПУ), Институт кибернетики (ИК) ; ред. кол. Е. А. Сикора [и др.]  |d 2014 
463 0 |0 (RuTPU)RU\TPU\conf\7790  |t Т. 1  |v [С. 146-147]  |d 2014 
610 1 |a труды учёных ТПУ 
610 1 |a электронный ресурс 
610 1 |a информационные модели 
610 1 |a слоистые среды 
610 1 |a поглощающие среды 
610 1 |a геологические разрезы 
700 0 |a Нгуен Суан Хунг  |c вьетнамский специалист в области информатики и вычислительной техники  |c ассистент кафедры Томского политехнического университета  |3 (RuTPU)RU\TPU\pers\35372 
701 1 |a Сидоренко  |b С. Н. 
702 1 |a Кочегуров  |b А. И.  |c специалист в области информатики и вычислительной техники  |c доцент Томского политехнического университета, кандидат технических наук  |f 1954-  |g Александр Иванович  |4 727 
712 0 2 |a Национальный исследовательский Томский политехнический университет (ТПУ)  |b Институт кибернетики (ИК)  |b Кафедра прикладной математики (ПМ)  |3 (RuTPU)RU\TPU\col\18700 
801 2 |a RU  |b 63413507  |c 20210318  |g RCR 
856 4 |u http://earchive.tpu.ru/handle/11683/20373 
856 4 |u http://www.lib.tpu.ru/fulltext/c/2014/C04/V1/065.pdf 
942 |c BK